00873nam a22002537a 450000500170000001000130001702000230003003500130005303700160006604000120008208200190009410000260011324500800013926000400021927000640025930000280032350000200035165000190037165000210039070000310041194200280044299900190047095201300048920170124110046.0 aB-080033 c500.00a817879036X aB-080033 bCen Lib/Ret aDPLbEN a796.81207bRAO aRao, Gangadhar924607 aCoaching successfully wrestling /cby Gangadhar Rao [and] Ganesh Patwardhan aNew DelhibSports Publicationc2002 a474, 1st Floor, Shiv Market, Ashok ViharbNew Delhie110052 a293p. :c22cm(Hb)bill. aIncludes index. aSports 924608 aWerstling924609 aPatwardhan, Ganesh 924610 2ddccENh796.81207mRAO c128849d128849 00104070aLbLd2015-07-03eCen Lib/Retg500.00l0o796.81207 RAOpB-080033r2015-07-03 00:00:00t1v500.00w2015-07-03yEN